01109nam a2200265 i 4500001000300000100002400003245015100027260006900178300006600247490007300313500006500386504002600451546001900477650003700496650002100533650001600554830007400570022001300644040000800657041001300665044000800678080001800686008004100704856009800745bg1 aSynoradzki, Ludwik.0 aChemia i technologia bezwodników i kwasów acylowinowych =bChemistry and technology of acyltartaric anhydrides and acids /cLudwik Synoradzki. aWarszawa :bOficyna Wydawnicza Politechniki Warszawskiej,c2007. a208 s., [1] k. tabl. złoż. :bil. (w tym kolor.) ;c24 cm.1 aPrace Naukowe / Politechnika Warszawska. Chemia,x0137-2300 ;vz. 76 aTyt. nagł. serii : Prace Naukowe Politechniki Warszawskiej. aBibliogr. s. 197-204. aStreszcz. ang. 9aTechnologia chemiczna organiczna 9aKwasy organiczne 9aKwas winowy 0aPrace Naukowe - Politechnika Warszawska.pChemia,x0137-2300 ;vz. 76 a01372300 cBPK0 apolbeng aPOL a66.01/.09:547 s pl f |000 0 pol  uhttp://koha.tu.koszalin.pl/cgi-bin/koha/opac-detail.pl?biblionumber=55077yKatalog online BPK